Les idées maîtresses de Vatican II: iniciation à l´esprit du Concile

Saved in:
Bibliografiske detaljer
Hovedforfatter: Martelet, Gustave (autor)
Format: Bog
Sprog:fransk
Udgivet: París Desclée de Brouwer 1969
Udgivelse:1a. ed
Serier:Foi Vivante, 105
Fag:
Tags: Tilføj Tag
Ingen Tags, Vær først til at tagge denne postø!

MARC

LEADER 00000cam a2200000 a 4500
001 UCE6820
003 CL-VaPUC
008 150507e19690000fr |||||||||||||||||fre|d
082 0 4 |a 262.5  |b MAR  |2 21 
100 |a Martelet, Gustave  |e autor  |9 579428 
245 1 4 |a Les idées maîtresses de Vatican II: iniciation à l´esprit du Concile 
250 |a 1a. ed 
300 |a 279 p 
942 |c BK 
945 |d 20150507 00:22:00  |a arojas 
260 |a París  |b Desclée de Brouwer  |c 1969 
650 0 |a Concilio Vaticano II  |9 258399 
583 |a last modification  |c 20150507 00:22:00  |k Rodrigo Vera 
490 0 |a Foi Vivante, 105 
999 |c 359000  |d 358998 
952 |0 0  |1 0  |3 erb  |4 0  |6 262_500000000000000_MAR_1969  |7 0  |8 A  |9 467987  |a BIBTEO  |b BIBTEO  |e Casale Rolle, Carlos Ignacio, -2014  |i 5172640  |o 262.5 MAR 1969  |p 5172640  |r 2025-01-17  |w 2019-11-23  |y BK  |z Catalogado en:20150507  |k ICR